000
00303nam a2200133Ia 4500
100
_a
Mehta/ S./ Mehta B
942
_c
BK
654
_a
business
245
_a
Business Software Packages O-Level
260
_b
Galgotia
_a
New Delhi
_c
1995
082
_a
5.3
_b
MEH/MEH
300
_a
428
546
_a
ENGLISH
999
_c
29058
_d
29058